| 000 | 00896cam a22002652 4500 | ||
|---|---|---|---|
| 001 | 2777 | ||
| 003 | UkOxU | ||
| 005 | 20211208233621.0 | ||
| 008 | 131217s1953 ilua 001 0 eng d | ||
| 035 | _aOCLC ocm01029550 from D970521M | ||
| 040 |
_aDLC _cOUN _dSER _dOCL _dEQO _dBD-RjUL _beng |
||
| 041 | _aeng | ||
| 082 |
_a330.973 _bHAA 1953 |
||
| 100 | 1 |
_aHarriss, C. Lowell _q(Clement Lowell), _d1912-2009 _98904 |
|
| 245 | 1 | 4 |
_aThe American economy : _bprinciples, practices, and policies / _cC. Lowell Harriss. |
| 260 |
_aHomewood, Ill. : _bR.D. Irwin, _cc1953 |
||
| 300 |
_axv,1051,xliv p.; _billus.: _c23 cm. |
||
| 490 | 1 | _aIrwin series in economics | |
| 651 | 0 |
_aUnited States _xEconomic conditions _y1945- _98905 |
|
| 651 | 0 |
_aUnited States _xEconomic policy. _98906 |
|
| 830 | 0 |
_aIrwin series in economics _918326 |
|
| 942 |
_2ddc _cBK |
||
| 999 |
_c2777 _d2777 |
||